000
00339nam a2200145Ia 4500
008
210210b1934 xxu||||| |||| 00| 0 eng d
041
_a
eng
082
_a
823/408
100
_a
SHAKESPEARE (William)
245
_a
Works
260
_a
Oxford
_b
Odhams Press Limited
_c
1934
650
_a
Works
690
_a
English Drama
906
_a
013951
999
_c
133020
_d
133020